Godzilla general knowledge quiz - Statistics

General Stats
  • This quiz has been taken 156 times
  • The average score is 9 of 15
Answer Stats
Hint Answer % Correct
the first Godzilla movie came out in 1954
95%
Spacefaring, three-headed golden dragon who is Godzilla's arch-enemy King Ghidorah
86%
in 1962, Godzilla fought King Kong
85%
The first american-made Godzilla film came out in 1998
82%
Size-changing robot that helped Godzilla defeat Megalon and Gigan Jet Jaguar
77%
device that killed Godzilla in the first film oxygen destroyer
75%
Lion-like golem that helps Godzilla defeat Mechagodzilla l King Caesar
70%
Godzilla's final enemy in the second series (Hesei) Destoroyah
65%
Xenomorph-like monster that transformed into a quadrupedal version of the above Monster-X
62%
Amphibious dinosaur-like kaiju that helped Mechagodzilla ll fight Godzilla Titanosaurus
59%
In comics, Marvel pitted Godzilla against the avengers
50%
company that made several Godzilla comics from 2011-2015 IDW
29%
Man who played Godzilla several times and who sadly passed away in 2017 Haruo Nakajima
20%
Godzilla's roar was made by dragging a resin-coated leather glove across the loosened strings of a double bass
7%
Godzilla Raids Again was directed by Motoyoshi Oda
4%
No matching quizzes found
Score Distribution
Percent of People with Each Score
Percentile by Number Answered
Your Score History
You have not taken this quiz